30 jeux vidéo à compléter - 2014 - Statistiques

Statistiques générales
  • Ce quiz a été pris 80 fois
  • Le résultat moyen est 17 sur 30
Statistiques - réponses
Hint Réponse % Correct
Five ... At Freddy's Nights
91%
... Souls II Dark
88%
Mario ... 8 Kart
88%
South ... : Le Bâton de la Vérité Park
88%
Watch ... Dogs
86%
La Terre du Millieu : L'... du Mordor Ombre
83%
Assassin's Creed: ... Unity
76%
Soldats ... : Mémoires de la Grande Guerre Inconnus
74%
The ... Within Evil
73%
Alien: ... Isolation
67%
...stone Hearth
64%
Hyrule ... Warriors
62%
The Elder Scrolls ... Online
58%
inFamous: ... Son Second
56%
...: The New Order Wolfenstein
55%
Trials ... Fusion
52%
Captain ...: Treasure Tracker Toad
52%
Super Smash Bros. ... Wii U For
50%
Dragon Age: ... Inquisition
48%
... 2048
47%
... Valley Monument
45%
Donkey Kong Country: Tropical ... Freeze
44%
...force Bro
39%
... Knight Shovel
39%
Child of ... Light
38%
Crypt of the ... NecroDancer
32%
Sunset ... Overdrive
32%
The ... Principle Talos
32%
The ... of Ethan Carter Vanishing
32%
...: Original Sin Divinity
29%
Aucun quiz correspondant
Distribution des résultats
% des personnes avec chaque résultat
Percentile par nombre de réponses
Votre historique - résultats
Vous n’avez pas pris ce quiz